000 00483nam a2200181Ia 4500
008 090124s9999 xx 000 0 und d
082 _b116427
100 _aमुसळे गोविंद.
245 _a ओले दु:ख
250 _a1
260 _c1976
300 _a200
600 _aमुसळे गोविंद.
630 _a ओले दु:ख
700 _aमुसळे गोविंद.
730 _a ओले दु:ख
942 _cBOOK
999 _c162518
_d162518